| 000 | 00936nam a2200205Ia 4500 | ||
|---|---|---|---|
| 003 | Ost | ||
| 005 | 20260507075108.0 | ||
| 008 | 260507s9999||||xx |||||||||||||| ||und|| | ||
| 040 | _cfsecg | ||
| 041 | _aara | ||
| 082 | _a330.121 | ||
| 100 |
_aيسري احمد، عبد الرحمن _eمؤلف |
||
| 245 | 0 |
_aمقدمة في علم الاقتصاد الاسلامي / _c عبد الرحمن يسري احمد |
|
| 260 |
_aالاسكندرية: _bالدار الجامعية, _c2000 |
||
| 300 | _a172 صفحة؛ | ||
| 504 | _aمراجع ص.163 | ||
| 520 | _aمقدمات و قواعد أساسية و انتقاء الحاجات الاستهلاكية و ترتيبها و أسس تنظيم النشاط الانتاجي و تناول مشكلة التوزيع و كذا التنمية الاقتصادية و اخيرا تم التطرق الى السكان. | ||
| 653 | _aالإقتصاد الإسلامي | ||
| 942 | _cكتاب | ||
| 999 |
_c42832 _d42832 |
||